Supply Management (Record no. 593562)

MARC details
000 -LEADER
fixed length control field 00368nam a2200145 a 4500
008 - FIXED-LENGTH DATA ELEMENTS--GENERAL INFORMATION
fixed length control field 251025s2009##################000#0#eng##
020 ## - INTERNATIONAL STANDARD BOOK NUMBER
ISBN 9780071263306
082 04 - DEWEY DECIMAL CLASSIFICATION NUMBER
Classification number 658.7
Item number BUR
100 1# - MAIN ENTRY--AUTHOR NAME
Personal name Burf, David N.,
245 10 - TITLE STATEMENT
Title Supply Management
260 ## - PUBLICATION, DISTRIBUTION, ETC. (IMPRINT)
Name of publisher McGraw-Hill Medical Publishing,
Year of publication 2009.
300 ## - PHYSICAL DESCRIPTION
Number of Pages 608 pages
942 ## - ADDED ENTRY ELEMENTS (KOHA)
Koha item type English Books
Holdings
Withdrawn status Lost status Damaged status Not for loan Home library Current library Shelving location Date acquired Full call number Accession Number Price effective from Koha item type
        Anna Centenary Library Anna Centenary Library 6TH FLOOR, B WING 25.10.2025 658.7 BUR 254191 25.10.2025 English Books

Find us on the map